The Sopranos - Greatest Quotes 2 - Statistics

General Stats
  • This quiz has been taken 47 times
  • The average score is 17 of 40
Answer Stats
Partial Quote Speaker Missing Word(s) % Correct
In this house, ______ is a hero, end of story! Tony Soprano Christopher Columbus
93%
Your father never had the makings of a ______. Corrado "Junior" Soprano Varsity Athlete
84%
Our true ______ has yet to reveal himself. Silvio Dante Enemy
80%
His ______ looked like shit! Christopher Moltisanti House
80%
200 grand for insulting my wife- what’s next Carmine, he get to ______ FOR A MILLION? John Sacrimoni FUCK HER
77%
______? Ova' here! 👇👇 Silvio Dante Gabagool
75%
It ways in the movie writing books that every character has an ______... where's my ______? Christopher Moltisanti Arc
70%
______, not pitching? Carlo Gervasi Catching
68%
♫ South of the border, down ______ way! ♫ Tony Soprano Mexico
61%
This guy ever stop ______? Bobby Bacala Breaking Balls
59%
Hasidim but I don't ______! Paulie "Walnuts" Gualtieri Believe 'em
57%
A: She was a whooah. B: She ______. Ralphie Cifaretto Hit me
57%
I stick motherfucking ______ in my socks at night so they smell like your sister's crotch in the morning! Silvio Dante Provolone
55%
You know that fat cocksucker says I look like the ______? Phil Leotardo Shah of Iran
55%
It won't be ______. Patsy Parisi Cinematic
50%
My estimation of ______ as a man, just fuckin' plummeted! Phil Leotardo John Sacrimoni
50%
No, I'm a pre board certified ______. Tony "That Animal" Blundetto Massage Therapist
50%
Lately, I'm getting the feeling that I came in ______. Tony Soprano At the end
45%
Satanic ______, sick shit. Paulie "Walnuts" Gualtieri Black Magic
43%
It's a ______, and it's offensive! Tony Soprano Stereotype
43%
He was with the ______. Guy was some kind of Russian Green Berret. Tony Soprano Interior Ministry
39%
It was ______ all the way! Matt Bevilaqua Sean
39%
______? He's gotta go! Carlo Gervasi Social Club
39%
You know it wasn't long ago you used to wait in the car, and as far as I'm concerned you should ______! John Sacrimoni STILL BE THERE
39%
While you're off dropping acid, and blowing ______! Tony Soprano Roadies
36%
We don't ______, it's embarrassing. Corrado "Junior" Soprano Run
36%
You're at the precipice of an enormous ______. Little Carmine Lupertazzi Crossroad
30%
The fuck kind of ______ is that? Corrado "Junior" Soprano Likeness
30%
I called you five times, qu'est-ce que c'est? ______ broken? Artie Bucco Message Machine
30%
You've ______ out. Tony Soprano Bottomed
25%
______ invented the telephone, and he got robbed! Everybody knows that! Tony Soprano Antonio Meucci
23%
______, you fucking skank! Phil Leotardo Adios
20%
Well, we're ______! Phil Leotardo Anonymous
18%
______ rule the realm, ______ talk. Sunshine Kings
16%
Even ______ didn't cry. Phil Leotardo Cinderella
14%
The ______ exhibit. Tony Soprano Penguin
14%
His fucking coach turned into a ______! Paulie "Walnuts" Gualtieri Pumpkin
14%
This is the last time we'll meet like this. It's ______. John Sacrimoni Undignified
14%
You know the old adage son: leave em' while you're ______. Sunshine Looking good
11%
Now for whatever reason certain incidents have... ______ lately... Little Carmine Lupertazzi Expired
9%
No matching quizzes found
Score Distribution
Percent of People with Each Score
Percentile by Number Answered
Your Score History
You have not taken this quiz